Identidades, enfoque diferencial y construcción de paz (Registro nro. 167192)
[ vista simple ]
| 000 -ENCABEZADO | |
|---|---|
| Número de control [NR] | 01257 a2200289 4500 |
| 008 - DE LONGITUD FIJA DE DATOS DE ELEMENTOS - INFORMACIÓN GENERAL | |
| Elementos de longitud fija [NR] | 130821s2012 ck ao gr spa |
| 020 ## - NUMERO INTERNACIONAL NORMALIZADO PARA LIBROS [R] | |
| Número Internacional Normalizado del libro [NR] | 9789587251098 |
| 040 ## - FUENTE DE CATALOGACION [NR] | |
| Agencia de catalogación original [NR] | CO-BoUCM |
| Idioma de catalogación [NR] | spa |
| Quien Cataloga | |
| Quien Clasifica | |
| 041 00 - CODIGO DE IDIOMA [R] | |
| Código de idioma para texto/pista de sonido o título separado [R] | Español |
| 245 00 - MENCION DE TITULO [NR] | |
| Título [NR] | Identidades, enfoque diferencial y construcción de paz |
| Mención de responsabilidad, etc. [NR] | investigadores Blanca Inés Arteaga Morales ...[y otros.] |
| 260 ## - PUBLICACION, DISTRIBUCION, ETC. (PIE DE IMPRENTA) [R] | |
| Lugar de publicación, distribución, etc. [R] | Bogotá (Colombia) |
| Nombre del editor, distribuidor, etc. [R] | Universidad de Bogotá Jorge Tadeo Lozano |
| Fecha de publicación, distribución, etc. [R] | 2012 |
| 300 ## - DESCRIPCION FISICA [R] | |
| Extensión [R] | 382 páginas |
| Otros detalles físicos [NR] | ilustraciones, gráficas, fotografías |
| 490 0# - MENCION DE SERIE [R] | |
| Mención de serie [R] | Serie Documentos para la paz |
| Designación numérica/secuencial del volumen [NR] | 3 |
| 504 ## - NOTA DE BIBLIOGRAFIA, ETC. [R] | |
| Nota de bibliografía, etc. [NR] | Incluye referencias bibliográficas |
| 650 #7 - ASIENTO SECUNDARIO DE MATERIA - TERMINO TEMATICO [R] | |
| Término temático o nombre geográfico como elemento de entrada [NR] | Conflicto armado |
| Subdivisión geográfica [R] | Colombia |
| 9 (RLIN) | 39439 |
| 650 #7 - ASIENTO SECUNDARIO DE MATERIA - TERMINO TEMATICO [R] | |
| Término temático o nombre geográfico como elemento de entrada [NR] | Desplazamiento forzado |
| Subdivisión geográfica [R] | Colombia |
| 9 (RLIN) | 31505 |
| 650 #7 - ASIENTO SECUNDARIO DE MATERIA - TERMINO TEMATICO [R] | |
| Término temático o nombre geográfico como elemento de entrada [NR] | Proceso de paz |
| Subdivisión geográfica [R] | Colombia |
| 9 (RLIN) | 22380 |
| 690 ## - ASUNTO AGREGADO LOCAL DE ENTRADA - TÉRMINO TEMÁTICO (OCLC, RLIN) | |
| Acceso temático local | Violencia |
| 700 1# - ASIENTO SECUNDARIO - NOMBRE PERSONAL [R] | |
| Nombre personal [NR] | Andrade Becerra, Oscar David |
| 9 (RLIN) | 39080 |
| 700 1# - ASIENTO SECUNDARIO - NOMBRE PERSONAL [R] | |
| Nombre personal [NR] | Arteaga Morales, Blanca Inés |
| 9 (RLIN) | 38796 |
| 700 1# - ASIENTO SECUNDARIO - NOMBRE PERSONAL [R] | |
| Nombre personal [NR] | Puentes Orjuela |
| 9 (RLIN) | 39083 |
| 700 1# - ASIENTO SECUNDARIO - NOMBRE PERSONAL [R] | |
| Nombre personal [NR] | Salcedo, Daissy Liliana |
| 9 (RLIN) | 39082 |
| 700 1# - ASIENTO SECUNDARIO - NOMBRE PERSONAL [R] | |
| Nombre personal [NR] | Walteros Rangel, Diego Andrés |
| 9 (RLIN) | 39081 |
| 710 1# - ASIENTO SECUNDARIO - NOMBRE CORPORATIVO [R] | |
| Nombre corporativo o de jurisdicción como elemento de entrada [NR] | Universidad de Bogotá Jorge Tadeo Lozano |
| Unidad subordinada [R] | Facultad de Ciencias Sociales |
| -- | Observatorio de Construcción de Paz |
| 9 (RLIN) | 39085 |
| 942 ## - ELEMENTOS DE ENTRADA AGREGADOS (KOHA) | |
| Tipo de ítem principal el descrito en 300a | Libro |
| Tema principal | Sociología |
| Edición | 1 |
| Parte restante de la signatura top. | I195 |
| Sistema de clasificación | DEWEY |
| Clasificación | 303.6 |
| Fecha de último préstamo | Total préstamos | Total Renewals | Signatura topográfica | Código de barras | Última vez visto | Ejemplar | Costo de reposición | Price effective from | Tipo de ítem | Perdido | Sistema de clasificación | Dañado | No prestable | Tipo de ítem específico | Suprimido | Ubicación habitual | Ubicación actual | Localización | Fecha de creación | Proveedor | Forma de adquisición | Costo |
|---|---|---|---|---|---|---|---|---|---|---|---|---|---|---|---|---|---|---|---|---|---|---|
| 02/09/2024 | 5 | 1 | 303.6 I195 | 100134043 | 09/12/2025 | Ej.1 | 26000.00 | 01/06/2013 | Libro | DEWEY | Libro | Claustro | Claustro | 2do piso | 01/06/2013 | 12 | Donación | 26000.00 |